Recuperación del desnutrido severo en Costa Rica, mediante alimentación hipercalórica /

Tallennettuna:
Bibliografiset tiedot
Päätekijä: Mata, Leonardo
Muut tekijät: Murillo, Sandra, Vargas, William, Waterlow, John C.
Aineistotyyppi: Teksti
Julkaistu: México :
Tagit: Lisää tagi
Ei tageja, Lisää ensimmäinen tagi!

MARC

LEADER 00000 a a2200000 04500
001 15248
003
040
090 |a 018500  
100 |a Mata, Leonardo  
245 |a Recuperación del desnutrido severo en Costa Rica, mediante alimentación hipercalórica /  |c Leonardo Mata 
260 |a México :  
300 |a pp. 483-49  
500 |a Separata de la revista "BOLETIN MEDICO DEL HOSPITAL INFANTIL", vol. XXXVII, núm. 3, mayo-junio de 1980  
700 |a Murillo, Sandra  
700 |a Vargas, William  
700 |a Waterlow, John C.  
999 |c 14395  |d 14395